000 00523nam a2200169Ia 4500
999 _c36173
_d36173
003 OSt
005 20201209101154.0
008 190216s9999||||xx |||||||||||||| ||und||
040 _coclc
082 _a032
_bMAL/R
100 _aMalhotra, Poonamdev
_97309
245 0 _aRecordukalude Guiness Book = Guinness Book Of Records /
_cPoonamdev Malhotra
260 _bHind Pocket Books Pvt Ltd,
_c1993.
_aUK:
300 _a548p
650 _aGeneral Collections
942 _cREF
_2ddc
_h032
_iMAL/R
_k032
_mMAL/R